Регионална библиотека "Любен Каравелов" - Русе

Шепнещият камък (Запис номер 34159)

MARC детайли
000 -Лидер
Контролно поле с фиксирана дължина 02263nam a2200445 c 4500
003 - Код на организацията, давaща контролен номер
Контролно поле BLK
005 - Дата и час на последна редакция
Контролно поле 20180422100254.0
008 - Елементи от данни с фиксирана дължина
fixed length control field 180408b bul|||||r ||||||| ||bul||
010 ## - Наследен системен номер
LC control number KNG00036857000
020 ## - Международен стандартен номер на книга ISBN
Международен стандартен номер на книга ISBN 954-738-061-3
-- издат.: Литера Прима
040 ## - Източник на каталожния запис
Идентификатор на билиотеката - собственик на записа BLK
041 ## - Код за език
Код за езика на текст/звукозапис или на отделно заглавие Български
Код за езика КДБФ Български
080 ## - УДК
Текстов определител УДК Паметници на културата на историческите периоди. Археологическите паметници. Старини
УДК код - определител по УДК 904
УДК определител
УДК - код + определител 904
080 ## - УДК
Текстов определител УДК
УДК код - определител по УДК 291.2/.3
УДК определител
УДК - код + определител 291.2/.3
080 ## - УДК
Текстов определител УДК Разпространяване на научните знания - популяризиране на науката, занимателна наука, учение за явленията научно необяснени, заблуждения и фалшификации, илюзии и др. п., секретност на научните знания
УДК код - определител по УДК 001.9
УДК определител
УДК - код + определител 001.9
100 1# - Редна дума - Автор
Автор Бутлар, Йоханес фон
Авторска отговорност първи автор
R(LIN) 44164
139 ## - Редно поле
Редна дума Бутлар, Йоханес фон
Авторски знак Бурм - Б 89
245 10 - Сведения за заглавието
Заглавие Шепнещият камък
Подзаглавни данни Богове, жреци, царе : Тайната на кристалния оракул
Редно поле (дума) Йоханес фон Бутлар; прев. от нем. Ани Здравкова.
257 ## - Страна на издаване
Страна на създаване/издаване Германия
260 ## - Област на издателските данни
-- София
Име на издателя, разпространителя и проч. Литера Прима
Година на издаване 2001
300 ## - Физическа характеристика
Страници 144 с., 8 л.
Илюстрации и др. цв. ил.
Размери/Мащаб 20 см
380 ## - Жанр
Жанр История
490 1# - СЕРИИ (Колекции)
Име на серия Поредица Тайни и загадки
№: серия Кн. 67
500 ## - Общи забележки
Забележка Ориг. загл. Der flusternde Steine / Johannes von Buttlar. - Офс. изд. - Библиогр. с. 138-142.
504 ## - Забележка за наличие на библиография и др
Забележка за наличие на библиография и под. 138-142
650 #4 - Допълнително описание по предмет – тема
Основно описание – тема или топоним Археологични находки
9 (RLIN) 269607
650 #4 - Допълнително описание по предмет – тема
Основно описание – тема или топоним Митология
9 (RLIN) 162418
650 #4 - Допълнително описание по предмет – тема
Основно описание – тема или топоним Извънземни цивилизации
9 (RLIN) 242018
653 ## - Ключова дума – ненормативна
Ключова дума археологични находки
653 ## - Ключова дума – ненормативна
Ключова дума митология
653 ## - Ключова дума – ненормативна
Ключова дума цивилизации
653 ## - Ключова дума – ненормативна
Ключова дума история
653 ## - Ключова дума – ненормативна
Ключова дума извънземни цивилизации
700 1# - Други автори (авторска отговорност)
Лично име Здравкова, Ани
Автороска отговорност (Описва отношението между автора и произведението) прев. от нем.
9 (RLIN) 365764
852 ## - Местоположение
Форматна сигнатура Цб 209167
856 4# - Електронен адрес и достъп
Електронен формат pdf - файл
Път до файла /url/
856 4# - Електронен адрес и достъп
Електронен формат pdf - файл
Път до файла /url/
942 ## - АРТИКУЛИ
Вид на библиотечния материал Книги
Скрит в OPAC Не
944 ## - СЪЗДАВАНЕ И РЕДАКЦИЯ на ЗАПИСА
Създаване/Редакция Създаване
Дата на регистрацията/редакция 15.01.2003
Служител, извършил регистрацията/редакцията Людмила_Стоянова
944 ## - СЪЗДАВАНЕ И РЕДАКЦИЯ на ЗАПИСА
Създаване/Редакция Редакция
Дата на регистрацията/редакция 21.04.2005
Служител, извършил регистрацията/редакцията
999 ## - СИСТЕМНИ КОНТРОЛНИ НОМЕРА
Koha biblionumber 34159
Koha biblioitemnumber 34159
Наличности
Код за отписване Код за изгубен артикул Източник на класификационната схема Код за повреда Коз за рестрикции Код за отдаване Артикулен № Име на библиотеката - собственик Име на библиотеката, в която се намира в момента Статус (Текущо местоположение) Дата на вписване в системата Местоположение - отдел Цена в лева Инвентарен номер Систематично азбучна сигнатура Баркод Номер на екземпляра Цена в евро Служебна бележка Служебен тип на артикула
Изтеглен Не е изгубен Universal Decimal Classification Не е повреден без рестрикции заемане за дома 54284 Регионална библиотека "Любен Каравелов" Русе Регионална библиотека "Любен Каравелов" Русе Заемна - подръчен фонд 2001-01-01 Заемна - подръчен фонд 6.00 665697 П 904/Б 89 665697 1 3.07 Дост: Pk Вид: Ф N: стар фонд Дата: 01.01.2001 Книги
  Не е изгубен   Не е повреден без рестрикции ползва се в читалня 54285 Регионална библиотека "Любен Каравелов" Русе Регионална библиотека "Любен Каравелов" Русе Хранилище 2002-04-29 Хранилище 6.00 120000669745 Цб 209167 120000669745 2 3.07 Дост: Dp Вид: Д N: 48 Дата: 21.11.2001 Книги
Vip Innovations Ltd, Rousse, Bulgaria 2025